000 00604nam a2200193 a 4500
001 BRCA_2346
005 20190320203753.0
008 091008s1944----mx-a---###---#000-0#spa-#
050 4 _aNK1105
_b.G83 1944
100 1 _aGual, Enrique F.
_d1907-1973
_91565
245 1 0 _aLas artes decorativas y su aplicación
_cEnrique F. Gual.
260 _aMéxico
_bLeyenda
_c1944
300 _a156 p.
_bil.
_c19 cm.
440 0 _aColección Atalaya
_n20
_97047
650 1 4 _aArte decorativo
_92280
650 1 4 _aDecoración de interiores
_96140
650 1 4 _aDecoración y ornamentación
_xHistoria
_91924
942 _2lcc
_cB
999 _c2089
_d2089